Aristotle and Poetic Justice (Record no. 1647)

MARC details
005 - DATE AND TIME OF LATEST TRANSACTION
control field 20250425095240.0
020 ## - INTERNATIONAL STANDARD BOOK NUMBER
International Standard Book Number 0-09-943558-8
082 ## - DEWEY DECIMAL CLASSIFICATION NUMBER
Classification number 823.914 DOO
100 ## - MAIN ENTRY--PERSONAL NAME
Author name DOODY, M.
245 ## - TITLE STATEMENT
Title Aristotle and Poetic Justice
260 ## - PUBLICATION, DISTRIBUTION, ETC.
Place of publication, distribution, etc. London,
Name of publisher, distributor, etc. Arrow Books,
Date of publication, distribution, etc. 2002.
300 ## - PHYSICAL DESCRIPTION
Extent xii, 399p., ill., map,
Dimensions 19cm.
942 ## - ADDED ENTRY ELEMENTS (KOHA)
Source of classification or shelving scheme Dewey Decimal Classification
Koha item type Books
Holdings
Date last seen Total checkouts Full call number Barcode Cost, replacement price Price effective from Koha item type Lost status Source of classification or shelving scheme Damaged status Not for loan Withdrawn status Home library Current library Shelving location Date acquired Cost, normal purchase price
04/25/2025   823.914 DOO 0000006107 60000.00 04/25/2025 Books   Dewey Decimal Classification       College of Business Education Main Library College of Business Education Main Library General Collection 04/25/2025 20000.00